| 000 | 00494nam a2200181 a 4500 | ||
|---|---|---|---|
| 001 | 1667 | ||
| 003 | CO-ViMGA | ||
| 008 | 141112s2004 ck r 000 u spa d | ||
| 040 |
_aCO-ViMGA _bspa _cCO-ViMGA |
||
| 082 | 0 | 4 | _a863.5 B326o |
| 100 | 1 |
_aBecquer, Gustavo Adolfo _95110 |
|
| 245 | 1 | 0 | _aLos ojos verdes y otros relatos |
| 260 |
_aSantafé de Bogotá : _bSantillana, _c1995 |
||
| 300 | _a79p. | ||
| 490 | _aRelato corto aguilar, 23 | ||
| 650 | 1 | 4 |
_aCUENTOS ESPAÑOLES _93223 |
| 942 |
_2ddc _cBK |
||
| 999 |
_c13844 _d13844 |
||